Guess the 1970s song lyrics #8 - Statistics

General Stats
  • This quiz has been taken 62 times
  • The average score is 166 of 286
Answer Stats
Answer % Correct
I
100%
a
98%
you
96%
You
96%
love
94%
in
91%
the
89%
me
87%
to
85%
be
83%
Where
83%
on
78%
so
78%
and
76%
it
76%
my
72%
My
72%
know
70%
that
69%
of
67%
you're
67%
was
65%
from
63%
one
63%
How
61%
what
61%
What
61%
did
57%
thing
56%
all
54%
heart
54%
baby
52%
came
52%
I'd
50%
Don't
48%
believe
46%
Now
46%
time
46%
day
44%
just
43%
Just
43%
make
43%
miracles
43%
Miracles
43%
sexy
43%
Been
41%
since
41%
got
39%
along
37%
life
37%
Making
35%
only
35%
Only
35%
long
33%
doing
31%
Doing
31%
gave
30%
needed
30%
close
28%
into
28%
Kiss
28%
Touch
28%
eyes
26%
badly
24%
own
24%
people
24%
lonely
22%
lying
22%
next
22%
things
22%
before
20%
coming
20%
mind
20%
right
20%
Yesterday
20%
yesterday
20%
gladly
19%
Keep
19%
stop
19%
makes
17%
sing
17%
feels
13%
above
11%
Forever
11%
angel
9%
another
9%
begun
7%
blown
6%
later
4%
ya
4%
hypnotized
2%
No matching quizzes found
Score Distribution
Percent of People with Each Score
Percentile by Number Answered
Your Score History
You have not taken this quiz